000 00410nam a2200181Ia 4500
008 151202s9999||||xx |||||||||||||| ||und||
082 _bPNVM-8369
100 _aGAUBA K. L.
245 _aINSIDE PAKISTAN.
260 _bRAJKAMAL PUB.
260 _c0
300 _a198
600 _aGAUBA K. L.
630 _aINSIDE PAKISTAN.
700 _aGAUBA K. L.
730 _aINSIDE PAKISTAN.
942 _cBOOK
999 _c1274358
_d1274355